Financial Accounting (FA. (Record no. 349871)

000 -LEADER
fixed length control field 00583nam a22002417a 4500
003 - CONTROL NUMBER IDENTIFIER
control field OSt
005 - DATE AND TIME OF LATEST TRANSACTION
control field 20180116183001.0
008 - FIXED-LENGTH DATA ELEMENTS--GENERAL INFORMATION
fixed length control field 150210b xxu||||| |||| 00| 0 eng d
020 ## - INTERNATIONAL STANDARD BOOK NUMBER
International Standard Book Number 9780857328175
022 ## - INTERNATIONAL STANDARD SERIAL NUMBER
International Standard Serial Number 9780857328175
040 ## - CATALOGING SOURCE
Transcribing agency 0
050 ## - LIBRARY OF CONGRESS CALL NUMBER
Classification number 657
082 ## - DEWEY DECIMAL CLASSIFICATION NUMBER
Classification number 657
100 ## - MAIN ENTRY--PERSONAL NAME
Personal name ACCA
245 ## - TITLE STATEMENT
Title Financial Accounting (FA.
Remainder of title Paper-F3 INT/UK
Statement of responsibility, etc. ACCA
250 ## - EDITION STATEMENT
Edition statement 1 February 2014 To 31 August 2015.
260 ## - PUBLICATION, DISTRIBUTION, ETC.
Place of publication, distribution, etc. UK
Name of publisher, distributor, etc. Kaplan Financial Limited.
Date of publication, distribution, etc. 2013
300 ## - PHYSICAL DESCRIPTION
Extent 520p.
500 ## - GENERAL NOTE
General note Paper Cover
600 ## - SUBJECT ADDED ENTRY--PERSONAL NAME
Personal name ACCA
700 ## - ADDED ENTRY--PERSONAL NAME
Personal name ACCA
942 ## - ADDED ENTRY ELEMENTS (KOHA)
Source of classification or shelving scheme
Koha item type Book
Call number prefix 657
Holdings
Withdrawn status Lost status Source of classification or shelving scheme Damaged status Not for loan Collection code Permanent Location Current Location Shelving location Date acquired Total Checkouts Total Renewals Full call number Barcode Date last seen Date last checked out Price effective from Koha item type
            Central Library (CL) Central Library (CL) General Stacks 02/10/2015 27 10 657 ACC NBS9166 05/31/2025 12/02/2024 02/10/2015 Book
© 2023 Central Library, National University of Sciences and Technology. All Rights Reserved.